000 01038nem0a2200289 4500
001 RU\NLR\cart\8589
005 20250614031314.0
035 _a(NLR Aleph) 010296162
090 _a10571711
_c10571711
100 _a20130809d1914 |||y0rusy50 ca
101 0 _arus
102 _aRU
120 _abyy xx||
123 0 _aa
200 1 _aАтласъ подробныхъ картъ Европейской войны
_bКарты
_eСостоит изъ 5 картъ воюющихъ державъ
206 _aБ. м-ба
210 _aМосква
_cТипо-лит. В. Рихтер
_d1914
215 _a1 атл. (5 л.)
_c1 цв.
_d21х32 см
509 0 1 _7ca
_aЕвропа
_92633316
_3RU\NLR\auth_crt\55133
606 0 _aВойны Первой мировой карты
_92178222
_3RU\NLR\auth_crt\66223
606 0 _aПортреты
_92178158
_3RU\NLR\auth_crt\66198
620 _aРоссия
801 0 _aRU
_bNLR
_c20130809
_gPSBO
852 _aNLR
_bК
_j3-Евр 1/255
_m14753
_t14754
942 _cMAP
980 _aNB